000 00377nam a22001577a 4500
003 OSt
005 20211118101347.0
008 211118b |||||||| |||| 00| 0 eng d
020 _a9789994499755
040 _cHU
082 _a355.0335
245 _aAN ANTHOLOGY OF PEACE AND SECURITY RESEARCH
260 _aADDIS ABABA
_bHALL
_c2010
300 _a294
942 _2ddc
_cBOOKS
_n0
999 _c18942
_d18942